LEADER 01188nam a2200253 i 4500 001 000000120153 003 CaOOAMICUS 005 20031113000000.0 008 031113s1987 it u000 u ita u 013 $a92847 040 $aSeMil$bita 100 1 $aAcerra .$0(OLS)http://semarc/name/46997 245 10$a«Signore, insegnaci a pregare» (Lc 11,1) :$bcon la preghiera alla radici della vita : atti del 4. Convegno Ecclesiale, 5-6-7 settembre 1986 /$cDiocesi di Acerra. 260 $a[Italia :$bs.n.],$cstampa 1987. 300 $a228 p. :$bill. ;$c24 cm. 500 $aFondo Card. C.M. Martini. 650 4$aPreghiera.$0(OLS)http://semarc/subject/1091 650 4$aAcerra (Diocesi) - Convegni ecclesiali.$0(OLS)http://semarc/subject/20166 850 $aSeMil 852 $aSeMil$W1$xVenegono$y1$m2F III 25$j75358$B75358$CSeMilBibl$Z2$F84123 $81 941 1 $a4 961 $aOmaggio: Martini Card. Carlo Maria 996 $6245$a«Signore, insegnaci a pregare» (Lc 11,1) :$bcon la preghiera alla radici della vita : atti del 4. Convegno Ecclesiale, 5-6-7 settembre 1986$9(OLS)http://semarc/title/176781 996 $6260$a[Italia :$bs.n.]$9(OLS)http://semarc/publisher/30058 LEADER 00672naa a2200157 i 4500 001 000000296357 003 CaOOAMICUS 005 20180831172543.0 008 180831n xx u000 u und u 013 $a3807 040 $aSeMil$bita 100 1 $aCencini, Amedeo.$0(OLS)http://semarc/name/230 245 13$aIl prete :$bidentitą personale e ruolo pastorale : approccio psicologico. 650 4$aPresbiteri.$0(OLS)http://semarc/subject/2612 773 0 $aMasolino : da Panicale <1383-1440>$tMasolino.$dMilano : Amilcare Pizzi, [194-]?.$kCollezione Silvana$w()46428 996 $6245$aIl prete :$bidentitą personale e ruolo pastorale : approccio psicologico$9(OLS)http://semarc/title/372411